Financial crises: Recovery and reform (Record no. 119803)

MARC details
000 -LEADER
fixed length control field 00378nam a2200145Ia 4500
008 - FIXED-LENGTH DATA ELEMENTS--GENERAL INFORMATION
fixed length control field 230917s9999||||xx |||||||||||||| ||und||
040 ## - CATALOGING SOURCE
-- 110990
Original cataloging agency VIVEKANANDA LIBRARY
041 ## - Language
-- English
082 ## - DDC NUMBER
Classification number 338.954 P196F
100 ## - MAIN ENTRY--PERSONAL NAME
Personal name Pant, Bhabanesh
245 #0 - TITLE STATEMENT
Title Financial crises: Recovery and reform
260 ## - PUBLICATION, DISTRIBUTION, ETC. (IMPRINT)
Place of publication, distribution, etc New Delhi
Name of publisher, distributor, etc Atlantic Publishers
Date of publication, distribution, etc 2001
300 ## - PHYSICAL DESCRIPTION
Pages xx, 158 p.
942 ## - ADDED ENTRY ELEMENTS (KOHA)
Koha item type Books
Holdings
Withdrawn status Lost status Damaged status Not for loan Location (home branch) Sublocation or collection (holding branch) Date acquired Koha issues (times borrowed) Koha full call number Accession No. Koha date last seen Koha item type
        VIVEKANANDA LIBRARY VIVEKANANDA LIBRARY 02/08/2006   338.954 P196F 212196 17/09/2023 Books
© Designed and Maintained by Vivekananda Library, MDU Rohtak